Strength of materials: Mechanics of solids (Record no. 386560)

MARC details
000 -LEADER
fixed length control field 00536 a2200217 4500
005 - DATE & TIME
control field 20250224153234.0
008 - FIXED-LENGTH DATA ELEMENTS--GENERAL INFORMATION
fixed length control field 250224b |||||||| |||| 00| 0 eng d
020 ## - ISBN
International Standard Book Number 9789355737717
Price Rs. 850.00
040 ## - CATALOGING SOURCE
Original cataloging agency VIVEKANANDA LIBRARY
082 ## - DDC NUMBER
Classification number 620.105
Book Number G959S(2)
100 ## - MAIN ENTRY--PERSONAL NAME
Personal name Gupta, J K
245 ## - TITLE STATEMENT
Title Strength of materials: Mechanics of solids
250 ## - EDITION STATEMENT
Edition statement 2nd
260 ## - PUBLICATION, DISTRIBUTION, ETC. (IMPRINT)
Name of publisher, distributor, etc Cengage India
Place of publication, distribution, etc Delhi
Date of publication, distribution, etc 2024
300 ## - PHYSICAL DESCRIPTION
Pages xiv, 734
650 ## - Subject
Subject Engineering
650 ## - Subject
Subject Mechanics
650 ## - Subject
Subject Materials
700 ## - Added Entry Personal Name
Added Entry Personal Name Gupta, S K
942 ## - ADDED ENTRY ELEMENTS (KOHA)
Koha item type Books
Holdings
Withdrawn status Lost status Source of classification or shelving scheme Damaged status Not for loan Location (home branch) Sublocation or collection (holding branch) Shelving location Date acquired Koha issues (times borrowed) Koha full call number Accession No. Koha date last seen Koha item type
    Dewey Decimal Classification     VIVEKANANDA LIBRARY VIVEKANANDA LIBRARY UIET Library 17/02/2025   620.105 G959S(2) 430854 17/02/2025 Books
    Dewey Decimal Classification     VIVEKANANDA LIBRARY VIVEKANANDA LIBRARY UIET Library 17/02/2025   620.105 G959S(2) 430857 17/02/2025 Books
    Dewey Decimal Classification     VIVEKANANDA LIBRARY VIVEKANANDA LIBRARY UIET Library 17/02/2025 1 620.105 G959S(2) 430853 29/09/2025 Books
    Dewey Decimal Classification     VIVEKANANDA LIBRARY VIVEKANANDA LIBRARY UIET Library 17/02/2025   620.105 G959S(2) 430855 17/02/2025 Books
    Dewey Decimal Classification     VIVEKANANDA LIBRARY VIVEKANANDA LIBRARY UIET Library 17/02/2025   620.105 G959S(2) 430856 17/02/2025 Books
© Designed and Maintained by Vivekananda Library, MDU Rohtak